Loading...
John Kepler /
| Main Author: | |
|---|---|
| Language: | Undetermined |
| Published: |
1966
|
| Subjects: |
| LEADER | 00429nam a2200157Ia 4500 | ||
|---|---|---|---|
| 001 | 16761 | ||
| 008 | 170722s9999 xx 000 0 und d | ||
| 100 | |a Armitage Angus | ||
| 245 | |a John Kepler / | ||
| 260 | |c 1966 | ||
| 653 | |a Astronomy | ||
| 653 | |a Collection | ||
| 653 | |a Mathematics | ||
| 942 | |c GEN | ||
| 999 | |c 3360 |d 3360 | ||
| 952 | |0 0 |1 0 |4 0 |6 B_9XJ71G_K6 |7 0 |8 CR |9 3772 |a LIB |b LIB |d 2013-03-25 |o B9xJ71:g K6 |p 123282 |r 2017-08-12 |w 2017-08-12 |y GEN | ||